Cyrylica - nagła śmierć - Statystyki

Ogólne statystyki
  • Ten quiz został rozwiązany 191 razy
    86 od ostatniego zresetowania
  • Średni wynik to 12 z 20
Answers on the Grid
Answers color-coded by a green-red scale on the quiz's grid according to % correct below.
Ц
Р
З
В
Б
Ю
Ф
П
Ї
И
Г
Щ
Х
Д
Ы
Я
Ч
Й
Ж
Л
F
D
U
Σ
Ę
Ø
Ž
Ñ
 
Statystyki odpowiedzi
Odpowiedź % Poprawnych
Л
77%
Ц
73%
И
73%
Щ
68%
Ы
68%
Я
68%
Й
68%
Ю
64%
Ф
64%
П
64%
Г
64%
Д
64%
Х
59%
Б
55%
Ч
55%
Ж
55%
З
50%
Р
45%
В
45%
Ї
32%
Nie znaleziono quizów pasujących do podanych kryteriów
Rozkład punktacji
Procent ludzi z każdym wynikiem
Percentyl według liczby udzielonych odpowiedzi
Twoja historia wyników
Nie rozwiązałeś tego quizu od ostatniego zresetowania